Name the nationality of the handball player - Statistics

General Stats
  • This quiz has been taken 193 times
  • The average score is 13 of 26
Answer Stats
Name Nationality % Correct
Siraba Dembélé France
81%
Nora Mørk Norway
78%
Andrea Penezić Croatia
74%
Cristina Neagu Romania
72%
Anna Vyakhireva Russia
65%
Patrícia Rodrigues Portugal
62%
Kristina 'Mulle' Kristiansen Denmark
60%
Anita Görbicz Hungary
59%
Andrea Lekić Serbia
57%
Clara Woltering Germany
56%
Isabelle Gulldén Sweden
55%
Katarina Bulatović Montenegro
50%
Ana Paula Rodrigues Brazil
49%
Karolina Kudłacz-Gloc Poland
49%
Viktoriya Borshchenko Ukraine
49%
Arna Sif Pálsdóttir Iceland
46%
Alexandrina Cabral Spain
45%
Sara Ristovska FYR Macedonia
44%
Sonja Frey Austria
36%
Lýdia Jakubisová Slovakia
36%
Tamara Mavsar Slovenia
34%
Nycke Groot Holland
32%
Iveta Luzumová Czech Republic
30%
Mouna Chebbah Tunisia
22%
Anastasia Lobach Belarus
21%
Valentyna Salamakha Azerbaijan
9%
No matching quizzes found
Score Distribution
Percent of People with Each Score
Percentile by Number Answered
Your Score History
You have not taken this quiz